Stanovenie závislosti koeficienta absorpcie svetla v rôznych druhoch priesvitných látok od vlnovej dĺžky

Uložené v:
Podrobná bibliografia
Hlavný autor: Bašnák, Tomáš, 1987- (Autor)
Ďalší autori: Kaššáková, Viera, 1950- (Vedúci práce)
Médium: Rukopis Kniha
Jazyk:Slovak
Vydavateľské údaje: STU v Bratislave MTF UMAT, 2010
Predmet:
On-line prístup:VAIS
Tagy: Pridať tag
Žiadne tagy, Buďte prvý, kto otaguje tento záznam!

MARC

LEADER 00000ntm a22000003a 4500
001 stu207926
005 20160719160247.1
008 100722s2010------------------------slo-d
040 |a STU  |b slo 
041 0 |a slo 
100 1 |a Bašnák, Tomáš,  |d 1987-  |4 aut  |X 52097  |7 A000052097 
242 0 0 |a Determination of light absorption coefficient depending on the different of translucent substances on the wavelength  |y eng 
245 1 |a Stanovenie závislosti koeficienta absorpcie svetla v rôznych druhoch priesvitných látok od vlnovej dĺžky 
260 |b STU v Bratislave MTF UMAT,  |c 2010 
650 7 |a optika  |2 stusub 
650 7 |a svetlo  |2 stusub 
650 7 |a absorpcia  |2 stusub 
650 7 |a light  |2 estusub 
650 7 |a absorption  |2 estusub 
650 7 |a priepustnosť  |2 stusub 
700 1 |a Kaššáková, Viera,  |d 1950-  |4 ths  |u M240  |U MTF Ústav materiálov  |T MTF Katedra nekovových materiálov  |X 1464  |U M240  |Y M240  |7 A000001464 
856 4 |a info a plný text  |u http://is.stuba.sk/zp/portal_zp.pl?podrobnosti=74973  |3 VAIS 
996 |c M*BP-4604  |l MMSKP  |s P  |a 0  |w stu207926_0001